01899cam a2200385L 45000010006000000050017000060080041000230350024000640400016000880200015001040200018001190350021001370370090001580860025002482450262002732600027005353000024005625000216005865000028008025000027008305000044008575000038009015000066009395060027010056110114010326500032011466500026011786500044012046500025012486500035012736500018013086500039013267100042013657110106014074121720230411085956.0921006s1992 xxu r i100 0 eng d a(OCoLC)ocn123422513 aNNUNcNYDRD a9211004934 a9789211004939 a(OCoLC)123422513 a92.I.25bUnited Nations Publications, Room DC2-0853, Dept. I004, New York, N.Y. 10017 a[ST/]DPI/12302undoc00aProspects for peace in the Middle East :ban Israeli-Palestinian dialogue : proceedings of the United Nations Department of Public Information's International Encounter for European Journalists on the Question of Palestine, 3-5 June 1992, Helsinki, Finland. aNew York :bUN,c1992. avi, 142 p. :bmaps. aIncludes UN map no. 3067 rev. 1: UN partition plan, 1947 (Apr. 1983); UN map no. 547.1: The armistice lines of 1949 (Oct.1953); UN map no. 3243 rev. 2: Territories occupied by Israel since June 1967 (June 1991). aUN Job no.: N9292550 E. aUN sales no.: 92.I.25. aMaterial type: Sales publications (UN). aContains: Maps (in UN documents). aMaterial type: Conferences, etc. (proceedings/final reports). aDistribution: General.27aInternational Encounter for European Journalists on the Question of Palestine (1st : 1991 : Helsinki)2unbisn07aPALESTINE QUESTION.2unbist07aPALESTINIANS.2unbist07aTERRITORIES OCCUPIED BY ISRAEL.2unbist07aCONFERENCES.2unbist07aMIDDLE EAST SITUATION.2unbist07aMAPS.2unbist07aRESOLUTIONS AND DECISIONS.2unbist2 aUN. Department of Public Information.2 aInternational Encounter for European Journalists on the Question of Palestine (1st : 1991 : Helsinki)